00601 a2200217 4500260001200000100002200012700001600034700001600050260001200066245014200078300001000220650002200230650001900252650002300271650001500294260000900309300003000318130000700348651001000355020001800365 aCotonou aVARKEVISSER, C. M1 aALIHONOU, E1 aINOUSSA, S. bCREDESA aDiagnostic rapide de la situation sanitaire et nutritionnelle dans le cadre du projet SSP de pahou au Bénin : méthodes et résultats a120p. aNUTRITION HUMAINE aSANTE PUBLIQUE aDEVELOPEMENT RURAL aDIAGNOSTIC c1993 bill., couv. ill. en coul. lFr aBENIN a90-6832-078-5